| 000 | 00795cam a2200301 4500 | ||
|---|---|---|---|
| 001 | 8297226 | ||
| 003 | OSt | ||
| 005 | 20140310181950.0 | ||
| 008 | 720505s1935 nyu 000 1 eng | ||
| 010 | _a 35017487 | ||
| 020 | _a014030133X | ||
| 035 | _a(OCoLC)301952 | ||
| 040 |
_aDLC _cODaWU _dOCoLC _dDLC |
||
| 050 | 0 | 0 |
_aPZ 7 _b.Se483 1963 |
| 082 |
_aKF _bSe6g 1963 |
||
| 100 | 1 |
_aSeredy, Kate. _94237 |
|
| 245 | 1 | 4 |
_aThe good master / _cKate Seredy. |
| 260 |
_aNew York : _bPuffin Books, _cc1963. |
||
| 300 |
_a196 p. : _bill. ; _c20 cm. |
||
| 541 | _j1 | ||
| 541 | _j2 | ||
| 562 | _e2 | ||
| 650 | 0 |
_aChildren _zHungary. _94238 |
|
| 906 |
_a7 _bcbc _coclcrpl _du _encip _f19 _gy-gencatlg |
||
| 942 |
_2lcc _cBK-KF _kKF |
||
| 999 |
_c7839 _d7839 |
||